Manual compacto de filosofia (Record no. 64120)

MARC details
000 -LÍDER
campo de controle de tamanho fixo 00397 a2200157 4500
001 - NÚMERO DE CONTROLE
campo de controle 64120
020 ## - ISBN - INTERNATIONAL STANDARD BOOK NUMBER
ISBN - International Standard Book Number 9788533915626 (broch.)
040 ## - FONTE DA CATALOGAÇÃO
Instituição que transcreveu o registro Anchieta - Pituba
100 ## - ENTRADA PRINCIPAL--NOME PESSOAL
Nome pessoal Vasconcelos, Ana
240 10 - TÍTULO UNIFORME
Título uniforme Manual compacto de filosofia
Idioma da obra
245 10 - TÍTULO
Título Manual compacto de filosofia
300 ## - DESCRIÇÃO FÍSICA
Extensão 276p.
362 0# - DATAS DE PUBLICAÇÃO E/OU DESIGNAÇÃO SEQUENCIAL
Datas de publicação e/ou designação sequencial 2010
650 #4 - ASSUNTO--TERMO TÓPICO
Cabeçalho tópico ou nome geográfico Educação, pesquisa e tópicos relacionados
942 ## - ELEMENTOS DE ENTRADA ADICIONADOS (KOHA)
Tipo de material Koha Livros
Holdings
Situação do descarte Situação das perdas Situação física Não pode ser emprestado Biblioteca de origem Biblioteca atual Data de aquisição Total de empréstimos Número de chamada completo Código de barras Data de último acesso Data do preço efetivo Tipo de material Koha
        Colégio Anchieta - Pituba Colégio Anchieta - Pituba 21/11/2023   107 V331m VAS MAN 17747/PIT 21/11/2023 21/11/2023 Livros